000 00674nam a2200181Ia 4500
008 151018s9999 xx 000 0 und d
082 _bRBASDV12489
_a891.463
100 _aगिरीजा कीर
245 _aस्वप्नात चंद्र ज्याच्या
250 _b1
260 _bराजेंद्र प्रकाशन ठाणे
_c1978
300 _a140
600 _aगिरीजा कीर
630 _aस्वप्नात चंद्र ज्याच्या
700 _aगिरीजा कीर
730 _aस्वप्नात चंद्र ज्याच्या
942 _cBOOK
999 _c1014736
_d1014733